000 00349nam a22001457a 4500
020 _a9780798070924
082 _a030
_bOXF/D
100 _aOXFORD
245 _aOXFORD DICTIONARY OF SYNONYMS AND ANTONYMS
250 _aSECOND EDITION
260 _aDELHI
_bOXFORD UNIVERSITY PRESS
_c2011
300 _a514
650 _aDICTIONARY
_zINDIA
942 _cBK
999 _c1717
_d1717